<?xml version="1.0" encoding="UTF-8"?>
<marc:record xmlns:marc="http://www.loc.gov/MARC21/slim" type="Bibliographic">
   <marc:leader>00000pam a2200000 c 4500</marc:leader>
   <marc:controlfield tag="001">964741113</marc:controlfield>
   <marc:controlfield tag="003">DE-101</marc:controlfield>
   <marc:controlfield tag="005">20171203125540.0</marc:controlfield>
   <marc:controlfield tag="007">tu</marc:controlfield>
   <marc:controlfield tag="008">020701s2002    gw ||||| |||| 00||||ger  </marc:controlfield>
   <marc:datafield ind1=" " ind2=" " tag="015">
      <marc:subfield code="a">02,A51,0330</marc:subfield>
      <marc:subfield code="z">02,N31,0116</marc:subfield>
      <marc:subfield code="2">dnb</marc:subfield>
   </marc:datafield>
   <marc:datafield ind1="7" ind2=" " tag="016">
      <marc:subfield code="2">DE-101</marc:subfield>
      <marc:subfield code="a">964741113</marc:subfield>
   </marc:datafield>
   <marc:datafield ind1=" " ind2=" " tag="020">
      <marc:subfield code="a">9783746215501</marc:subfield>
      <marc:subfield code="c">Pp. : EUR 39.00 (DE), EUR 40.00 (AT), sfr 66.00</marc:subfield>
      <marc:subfield code="9">978-3-7462-1550-1</marc:subfield>
   </marc:datafield>
   <marc:datafield ind1=" " ind2=" " tag="020">
      <marc:subfield code="a">3746215501</marc:subfield>
      <marc:subfield code="c">Pp. : EUR 39.00 (DE), EUR 40.00 (AT), sfr 66.00</marc:subfield>
      <marc:subfield code="9">3-7462-1550-1</marc:subfield>
   </marc:datafield>
   <marc:datafield ind1=" " ind2=" " tag="035">
      <marc:subfield code="a">(DE-599)DNB964741113</marc:subfield>
   </marc:datafield>
   <marc:datafield ind1=" " ind2=" " tag="035">
      <marc:subfield code="a">(OCoLC)76358999</marc:subfield>
   </marc:datafield>
   <marc:datafield ind1=" " ind2=" " tag="040">
      <marc:subfield code="a">1140</marc:subfield>
      <marc:subfield code="b">ger</marc:subfield>
      <marc:subfield code="c">DE-101</marc:subfield>
      <marc:subfield code="d">9999</marc:subfield>
   </marc:datafield>
   <marc:datafield ind1=" " ind2=" " tag="041">
      <marc:subfield code="a">ger</marc:subfield>
   </marc:datafield>
   <marc:datafield ind1=" " ind2=" " tag="043">
      <marc:subfield code="c">XB-IL</marc:subfield>
      <marc:subfield code="c">XB-JO</marc:subfield>
      <marc:subfield code="c">XT</marc:subfield>
      <marc:subfield code="c">XB-IL</marc:subfield>
      <marc:subfield code="c">XB-JO</marc:subfield>
      <marc:subfield code="c">XB-IL</marc:subfield>
      <marc:subfield code="c">XB-JO</marc:subfield>
   </marc:datafield>
   <marc:datafield ind1=" " ind2=" " tag="044">
      <marc:subfield code="c">XA-DE</marc:subfield>
   </marc:datafield>
   <marc:datafield ind1=" " ind2=" " tag="084">
      <marc:subfield code="a">12</marc:subfield>
      <marc:subfield code="a">13</marc:subfield>
      <marc:subfield code="a">61</marc:subfield>
      <marc:subfield code="a">63</marc:subfield>
      <marc:subfield code="a">200</marc:subfield>
      <marc:subfield code="a">220</marc:subfield>
      <marc:subfield code="a">230</marc:subfield>
      <marc:subfield code="q">DE-101</marc:subfield>
      <marc:subfield code="2">sdnb</marc:subfield>
   </marc:datafield>
   <marc:datafield ind1=" " ind2=" " tag="084">
      <marc:subfield code="a">3.2p</marc:subfield>
      <marc:subfield code="a">3.2</marc:subfield>
      <marc:subfield code="a">3.2b</marc:subfield>
      <marc:subfield code="a">3.2</marc:subfield>
      <marc:subfield code="a">16.3</marc:subfield>
      <marc:subfield code="a">3.2</marc:subfield>
      <marc:subfield code="a">19.1a</marc:subfield>
      <marc:subfield code="q">DE-101</marc:subfield>
      <marc:subfield code="2">sswd</marc:subfield>
   </marc:datafield>
   <marc:datafield ind1=" " ind2=" " tag="090">
      <marc:subfield code="a">b</marc:subfield>
   </marc:datafield>
   <marc:datafield ind1="1" ind2=" " tag="100">
      <marc:subfield code="0">(DE-588)124197507</marc:subfield>
      <marc:subfield code="0">https://d-nb.info/gnd/124197507</marc:subfield>
      <marc:subfield code="0">(DE-101)124197507</marc:subfield>
      <marc:subfield code="a">Kroll, Gerhard</marc:subfield>
      <marc:subfield code="d">1914-1997</marc:subfield>
      <marc:subfield code="e">Verfasser</marc:subfield>
      <marc:subfield code="4">aut</marc:subfield>
      <marc:subfield code="2">gnd</marc:subfield>
   </marc:datafield>
   <marc:datafield ind1="1" ind2="0" tag="245">
      <marc:subfield code="a">Auf den Spuren Jesu</marc:subfield>
      <marc:subfield code="b">sein Leben - sein Wirken - seine Zeit</marc:subfield>
      <marc:subfield code="c">Gerhard Kroll</marc:subfield>
   </marc:datafield>
   <marc:datafield ind1=" " ind2=" " tag="250">
      <marc:subfield code="a">12., erw. Aufl.</marc:subfield>
   </marc:datafield>
   <marc:datafield ind1=" " ind2=" " tag="259">
      <marc:subfield code="a">212</marc:subfield>
   </marc:datafield>
   <marc:datafield ind1=" " ind2="1" tag="264">
      <marc:subfield code="a">Leipzig</marc:subfield>
      <marc:subfield code="b">Benno</marc:subfield>
      <marc:subfield code="c">2002</marc:subfield>
   </marc:datafield>
   <marc:datafield ind1=" " ind2=" " tag="300">
      <marc:subfield code="a">471 S.</marc:subfield>
      <marc:subfield code="b">Ill., graph. Darst., Kt.</marc:subfield>
      <marc:subfield code="c">28 cm</marc:subfield>
   </marc:datafield>
   <marc:datafield ind1=" " ind2=" " tag="336">
      <marc:subfield code="a">Text</marc:subfield>
      <marc:subfield code="b">txt</marc:subfield>
      <marc:subfield code="2">rdacontent</marc:subfield>
   </marc:datafield>
   <marc:datafield ind1=" " ind2=" " tag="337">
      <marc:subfield code="a">ohne Hilfsmittel zu benutzen</marc:subfield>
      <marc:subfield code="b">n</marc:subfield>
      <marc:subfield code="2">rdamedia</marc:subfield>
   </marc:datafield>
   <marc:datafield ind1=" " ind2=" " tag="338">
      <marc:subfield code="a">Band</marc:subfield>
      <marc:subfield code="b">nc</marc:subfield>
      <marc:subfield code="2">rdacarrier</marc:subfield>
   </marc:datafield>
   <marc:datafield ind1="0" ind2="7" tag="600">
      <marc:subfield code="0">(DE-588)118557513</marc:subfield>
      <marc:subfield code="0">https://d-nb.info/gnd/118557513</marc:subfield>
      <marc:subfield code="0">(DE-101)118557513</marc:subfield>
      <marc:subfield code="a">Jesus Christus</marc:subfield>
      <marc:subfield code="2">gnd</marc:subfield>
   </marc:datafield>
   <marc:datafield ind1="0" ind2="7" tag="630">
      <marc:subfield code="0">(DE-588)4041771-2</marc:subfield>
      <marc:subfield code="0">https://d-nb.info/gnd/4041771-2</marc:subfield>
      <marc:subfield code="0">(DE-101)040417719</marc:subfield>
      <marc:subfield code="a">Bibel</marc:subfield>
      <marc:subfield code="p">Neues Testament</marc:subfield>
      <marc:subfield code="2">gnd</marc:subfield>
   </marc:datafield>
   <marc:datafield ind1=" " ind2="7" tag="650">
      <marc:subfield code="0">(DE-588)4006476-1</marc:subfield>
      <marc:subfield code="0">https://d-nb.info/gnd/4006476-1</marc:subfield>
      <marc:subfield code="0">(DE-101)04006476X</marc:subfield>
      <marc:subfield code="a">Biblische Stätte</marc:subfield>
      <marc:subfield code="2">gnd</marc:subfield>
   </marc:datafield>
   <marc:datafield ind1=" " ind2="7" tag="650">
      <marc:subfield code="0">(DE-588)4128644-3</marc:subfield>
      <marc:subfield code="0">https://d-nb.info/gnd/4128644-3</marc:subfield>
      <marc:subfield code="0">(DE-101)041286448</marc:subfield>
      <marc:subfield code="a">Zeithintergrund</marc:subfield>
      <marc:subfield code="2">gnd</marc:subfield>
   </marc:datafield>
   <marc:datafield ind1=" " ind2="7" tag="650">
      <marc:subfield code="0">(DE-588)4006471-2</marc:subfield>
      <marc:subfield code="0">https://d-nb.info/gnd/4006471-2</marc:subfield>
      <marc:subfield code="0">(DE-101)040064719</marc:subfield>
      <marc:subfield code="a">Biblische Archäologie</marc:subfield>
      <marc:subfield code="2">gnd</marc:subfield>
   </marc:datafield>
   <marc:datafield ind1=" " ind2="7" tag="650">
      <marc:subfield code="0">(DE-588)4145286-0</marc:subfield>
      <marc:subfield code="0">https://d-nb.info/gnd/4145286-0</marc:subfield>
      <marc:subfield code="0">(DE-101)041452860</marc:subfield>
      <marc:subfield code="a">Biblische Geografie</marc:subfield>
      <marc:subfield code="2">gnd</marc:subfield>
   </marc:datafield>
   <marc:datafield ind1=" " ind2="7" tag="651">
      <marc:subfield code="0">(DE-588)4044381-4</marc:subfield>
      <marc:subfield code="0">https://d-nb.info/gnd/4044381-4</marc:subfield>
      <marc:subfield code="0">(DE-101)040443817</marc:subfield>
      <marc:subfield code="a">Palästina</marc:subfield>
      <marc:subfield code="2">gnd</marc:subfield>
   </marc:datafield>
   <marc:datafield ind1=" " ind2="7" tag="651">
      <marc:subfield code="0">(DE-588)4072956-4</marc:subfield>
      <marc:subfield code="0">https://d-nb.info/gnd/4072956-4</marc:subfield>
      <marc:subfield code="0">(DE-101)040729567</marc:subfield>
      <marc:subfield code="a">Israel</marc:subfield>
      <marc:subfield code="g">Altertum</marc:subfield>
      <marc:subfield code="2">gnd</marc:subfield>
   </marc:datafield>
   <marc:datafield ind1="0" ind2="0" tag="689">
      <marc:subfield code="0">(DE-588)118557513</marc:subfield>
      <marc:subfield code="0">https://d-nb.info/gnd/118557513</marc:subfield>
      <marc:subfield code="0">(DE-101)118557513</marc:subfield>
      <marc:subfield code="D">p</marc:subfield>
      <marc:subfield code="a">Jesus Christus</marc:subfield>
   </marc:datafield>
   <marc:datafield ind1="0" ind2=" " tag="689">
      <marc:subfield code="5">DE-101</marc:subfield>
      <marc:subfield code="5">DE-101</marc:subfield>
   </marc:datafield>
   <marc:datafield ind1="1" ind2="0" tag="689">
      <marc:subfield code="0">(DE-588)4044381-4</marc:subfield>
      <marc:subfield code="0">https://d-nb.info/gnd/4044381-4</marc:subfield>
      <marc:subfield code="0">(DE-101)040443817</marc:subfield>
      <marc:subfield code="D">g</marc:subfield>
      <marc:subfield code="a">Palästina</marc:subfield>
   </marc:datafield>
   <marc:datafield ind1="1" ind2="1" tag="689">
      <marc:subfield code="0">(DE-588)4006476-1</marc:subfield>
      <marc:subfield code="0">https://d-nb.info/gnd/4006476-1</marc:subfield>
      <marc:subfield code="0">(DE-101)04006476X</marc:subfield>
      <marc:subfield code="D">s</marc:subfield>
      <marc:subfield code="a">Biblische Stätte</marc:subfield>
   </marc:datafield>
   <marc:datafield ind1="1" ind2=" " tag="689">
      <marc:subfield code="5">DE-101</marc:subfield>
      <marc:subfield code="5">DE-101</marc:subfield>
   </marc:datafield>
   <marc:datafield ind1="2" ind2="0" tag="689">
      <marc:subfield code="0">(DE-588)4041771-2</marc:subfield>
      <marc:subfield code="0">https://d-nb.info/gnd/4041771-2</marc:subfield>
      <marc:subfield code="0">(DE-101)040417719</marc:subfield>
      <marc:subfield code="D">u</marc:subfield>
      <marc:subfield code="a">Bibel</marc:subfield>
      <marc:subfield code="p">Neues Testament</marc:subfield>
   </marc:datafield>
   <marc:datafield ind1="2" ind2="1" tag="689">
      <marc:subfield code="0">(DE-588)4128644-3</marc:subfield>
      <marc:subfield code="0">https://d-nb.info/gnd/4128644-3</marc:subfield>
      <marc:subfield code="0">(DE-101)041286448</marc:subfield>
      <marc:subfield code="D">s</marc:subfield>
      <marc:subfield code="a">Zeithintergrund</marc:subfield>
   </marc:datafield>
   <marc:datafield ind1="2" ind2=" " tag="689">
      <marc:subfield code="5">DE-101</marc:subfield>
      <marc:subfield code="5">DE-101</marc:subfield>
   </marc:datafield>
   <marc:datafield ind1="3" ind2="0" tag="689">
      <marc:subfield code="0">(DE-588)4006471-2</marc:subfield>
      <marc:subfield code="0">https://d-nb.info/gnd/4006471-2</marc:subfield>
      <marc:subfield code="0">(DE-101)040064719</marc:subfield>
      <marc:subfield code="D">s</marc:subfield>
      <marc:subfield code="a">Biblische Archäologie</marc:subfield>
   </marc:datafield>
   <marc:datafield ind1="3" ind2=" " tag="689">
      <marc:subfield code="5">DE-101</marc:subfield>
      <marc:subfield code="5">DE-101</marc:subfield>
   </marc:datafield>
   <marc:datafield ind1="4" ind2="0" tag="689">
      <marc:subfield code="0">(DE-588)4072956-4</marc:subfield>
      <marc:subfield code="0">https://d-nb.info/gnd/4072956-4</marc:subfield>
      <marc:subfield code="0">(DE-101)040729567</marc:subfield>
      <marc:subfield code="D">g</marc:subfield>
      <marc:subfield code="a">Israel</marc:subfield>
      <marc:subfield code="g">Altertum</marc:subfield>
   </marc:datafield>
   <marc:datafield ind1="4" ind2="1" tag="689">
      <marc:subfield code="0">(DE-588)4145286-0</marc:subfield>
      <marc:subfield code="0">https://d-nb.info/gnd/4145286-0</marc:subfield>
      <marc:subfield code="0">(DE-101)041452860</marc:subfield>
      <marc:subfield code="D">s</marc:subfield>
      <marc:subfield code="a">Biblische Geografie</marc:subfield>
   </marc:datafield>
   <marc:datafield ind1="4" ind2=" " tag="689">
      <marc:subfield code="5">DE-101</marc:subfield>
      <marc:subfield code="5">DE-101</marc:subfield>
   </marc:datafield>
   <marc:datafield ind1=" " ind2=" " tag="850">
      <marc:subfield code="a">DE-101a</marc:subfield>
      <marc:subfield code="a">DE-101b</marc:subfield>
   </marc:datafield>
   <marc:datafield ind1="4" ind2="2" tag="856">
      <marc:subfield code="m">V:DE-604</marc:subfield>
      <marc:subfield code="q">application/pdf</marc:subfield>
      <marc:subfield code="u">https://d-nb.info/964741113/04</marc:subfield>
      <marc:subfield code="3">Inhaltsverzeichnis</marc:subfield>
   </marc:datafield>
   <marc:datafield ind1="r" ind2=" " tag="925">
      <marc:subfield code="a">ra</marc:subfield>
   </marc:datafield>
</marc:record>
